|
|
|
|
| LEADER |
00000nam a2200000 i 4500 |
| 001 |
103029 |
| 003 |
CZ-ZlUTB |
| 005 |
20210608083031.0 |
| 007 |
ta |
| 008 |
210520s2014 at a f 001 0 eng d |
| 952 |
|
|
|0 0
|1 0
|4 0
|6 37MARKML
|7 0
|8 BOOK
|9 162726
|a UTBZL
|b UTBZL
|c 005
|d 2021-05-20
|l 0
|o 37/MARK,M.L.
|p 420010187109
|r 2021-05-20 00:00:00
|v 1522.00
|w 2021-05-20
|x N:nákup;
|y 01
|
| 999 |
|
|
|c 103029
|d 103029
|
| 020 |
|
|
|a 978-0-357-67069-9
|q (brožováno)
|z 0-357-67069-8
|
| 040 |
|
|
|a ZLD002
|b cze
|e rda
|
| 043 |
|
|
|a n-us---
|
| 044 |
|
|
|a at
|a bl
|a xxc
|a mx
|a si
|a xxk
|a xxu
|
| 072 |
|
7 |
|a 37
|x Výchova a vzdělávání
|2 Konspekt
|9 22
|
| 080 |
|
|
|a 37.0:78
|2 MRF
|
| 080 |
|
|
|a 78
|2 MRF
|
| 080 |
|
|
|a 37.091.3
|2 MRF
|
| 080 |
|
|
|a (73)
|2 MRF
|
| 080 |
|
|
|a (048.8)
|2 MRF
|
| 100 |
1 |
|
|a Mark, Michael L.
|4 aut
|
| 245 |
1 |
0 |
|a Contemporary music education /
|b Michael L. Mark, Patrice Madura
|
| 250 |
|
|
|a Fourth edition
|
| 264 |
|
1 |
|a Australia ;
|a Brazil ;
|a Canada ;
|a Mexico ;
|a Singapore ;
|a United Kingdom ;
|a United States :
|b Cengage,
|c [2014]
|
| 264 |
|
4 |
|c ©2014
|
| 300 |
|
|
|a xviii, 286 stran :
|b ilustrace ;
|c 24 cm
|
| 336 |
|
|
|a text
|b txt
|2 rdacontent
|
| 337 |
|
|
|a bez média
|b n
|2 rdamedia
|
| 338 |
|
|
|a svazek
|b nc
|2 rdacarrier
|
| 504 |
|
|
|a Obsahuje bibliografii, bibliografické odkazy a rejstřík
|
| 650 |
0 |
7 |
|a hudební vzdělávání
|7 ph898676
|z Spojené státy americké
|2 czenas
|
| 650 |
0 |
7 |
|a hudba
|7 ph114719
|2 czenas
|
| 650 |
0 |
7 |
|a studium a výuka
|7 ph136700
|2 czenas
|
| 650 |
0 |
9 |
|a music education
|z United States
|2 eczenas
|
| 650 |
0 |
9 |
|a music
|2 eczenas
|
| 650 |
0 |
9 |
|a study and teaching
|2 eczenas
|
| 655 |
|
7 |
|a monografie
|7 fd132842
|2 czenas
|
| 655 |
|
9 |
|a monographs
|2 eczenas
|
| 700 |
1 |
|
|a Madura Ward-Steinman, Patrice
|7 xx0192883
|4 aut
|
| 910 |
|
|
|a ZLD002
|
| 942 |
|
|
|2 udc
|
| 992 |
|
|
|a BK
|b SK
|